000 01346nam a22004217a 4500
003 OSt
005 20230516134651.0
008 230516b |||||||| |||| 00| 0 eng d
040 _cLado V
082 _2708
_aM595c
100 _9827
_aMetternich, Alain
_edirector
245 _aConnaissance des ARTS/
260 _aBelgica
_aCanada
_aGran Bretaña
_aItalia
_aEspaña
_aPortugal
_aChile
_bPresse Payante
_c2008
300 _a162p.
_c22x29cm
490 _a662
_v2008
505 _aPortafolio
_gDans le monde flottant d'Hokusai
505 _al'evenement
505 _avisite d'atelier
505 _al'oeil d'Olivier Bonfait
505 _acreation privee
505 _arecit d'une vie
505 _acarnet de voyage
505 _aart et societe
505 _aanalyse de style
505 _ahommage
505 _asavoir-faire
505 _ahistoire d'un lieu
505 _aamateur d'art
505 _abibliotheque
505 _acalendrier
505 _acourrier des lecteurs
650 _2Tesauro de Arte & Arquitectura
_aCATALOGO
650 _2Tesauro de Arte & Arquitectura
_aREVISTA
650 _2Tesauro de Arte & Arquitectura
_aARTE INTERNACIONAL
650 _2Tesauro de Arte & Arquitectura
_aCRITICA
651 _2Tesauro de Arte & Arquitectura
_aFRANCIA
942 _2ddc
_c1
_h708
_iM595c
_n0
999 _c3585
_d3585